[Event "FIDE World Cup 2017"]
[Site "Tbilisi"]
[Date "2017.09.06"]
[Round "2.1"]
[White "Adhiban, B."]
[Black "Nepomniachtchi, Ian"]
[Result "1/2-1/2"]
[WhiteElo "2670"]
[BlackElo "2741"]
[Annotator "TA"]
[PlyCount "55"]
[EventDate "2017.??.??"]
[EventType "k.o."]
[EventCountry "GEO"]
[SourceTitle "playchess.com"]
[Source "ChessBase"]
[SourceQuality "1"]

{[%evp 22,55,52,54,60,47,62,58,64,50,54,50,55,56,50,-2,51,0,0,0,0,0,102,0,0,0,0,0,0,0,0,0,0,0,0,0]} 1. e4 c5 2. Nf3 d6 3. d4 cxd4 4. Nxd4 Nf6 5. Nc3 a6 6. Bg5 e6 7. f4 Nbd7 8. Bc4 b5 9. Bxe6 {B96: Sicilian Najdorf: 6 Bg5 e6 7 f4, lines other than 7...Qb6 and 7...Be7} fxe6 10. Nxe6 Qb6 (10... Qa5 11. Nxf8 Rxf8 12. Qxd6 Kf7 13. e5 b4 14. e6+ Kg8 15. exd7 Bxd7 16. Bxf6 Rxf6 17. Qxd7 {½-½ (39) Naiditsch,A (2687)-Negi,P (2621) Wijk aan Zee 2010}) 11. Nd5 Nxd5 12. Qxd5 {[#] LiveBook: 5 Games. White threatens Nc7+! and mate.} Nb8 $1 ({Worse is} 12... Bb7 {[#]} 13. Nc7+ $1 {[%mdl 512]} Qxc7 14. Qe6+ Be7 15. Qxe7#) 13. Nxf8 Rxf8 14. Qxa8 Bb7 15. Qxb8+ Kf7 16. Qxf8+ $1 Kxf8 17. O-O-O $146 {e5 is the strong threat.} Bxe4 18. Rd2 ({White should try} 18. Rhe1 $14 d5 19. Rd2) 18... h6 (18... Qa5 $1 $11 19. Rxd6 Qxa2) 19. Bh4 (19. Re1 $14) 19... Qa5 $1 $36 {[%cal Ra5a2][%mdl 2048] White is under pressure.} ({Not} 19... Qe3 $2 20. Re1 $18) 20. Re1 Qxa2 {[%cal Ra2a1]} 21. Rxd6 Qa1+ 22. Kd2 Qa4 {The position is equal.} 23. Rd8+ Kf7 24. b3 Qa5+ 25. Kd1 Qa1+ 26. Kd2 Qa5+ 27. Kd1 Qa1+ $1 28. Kd2 {Precision: White = 54%, Black = 83%.} 1/2-1/2

[Event "FIDE World Cup 2017"]
[Site "Tbilisi"]
[Date "2017.09.06"]
[Round "2.1"]
[White "Hou, Yifan"]
[Black "Aronian, Levon"]
[Result "1/2-1/2"]
[WhiteElo "2670"]
[BlackElo "2802"]
[Annotator "TA"]
[PlyCount "39"]
[EventDate "2017.??.??"]
[EventType "k.o."]
[EventCountry "GEO"]
[SourceTitle "playchess.com"]
[Source "ChessBase"]
[SourceQuality "1"]

{[%evp 22,39,20,20,17,32,25,27,14,25,62,42,43,50,43,43,83,69,86,0]} 1. e4 e5 2. Nf3 Nc6 3. Bc4 Bc5 4. O-O Nf6 5. d3 O-O 6. Re1 d6 7. c3 Ne7 {C54: Giuoco Piano: 4 c3 Nf6, main lines with 5 d4 and 5 d3} (7... a6 8. Bb3 Re8 9. h3 h6 10. Nbd2 Be6 11. Nf1 Bxb3 12. Qxb3 d5 13. Be3 Bf8 14. Rad1 Na5 15. Qc2 {0-1 (43) So,W (2812)-Carlsen,M (2832) Paris 2017}) 8. Nbd2 {[%cal Bb1d2,Bd2f1,Bf1g3][%mdl 32]} Bb6 9. Bb3 c6 10. Nf1 Ng6 11. Ng3 h6 12. h3 {LiveBook: 21 Games} d5 13. exd5 Nxd5 14. d4 exd4 15. Nxd4 Be6 {[#]} 16. Nxe6 $146 fxe6 17. Rxe6 Rxf2 18. Kh1 Nh4 {[#]} 19. Qg4 $1 Qf8 {[#] Threatens to win with ...Rf1+!} 20. Qxh4 ({Much weaker is} 20. Bxd5 $6 Rf1+ 21. Kh2 (21. Nxf1 {gets mated.} Qxf1+ 22. Kh2 Bg1+ 23. Kh1 Bf2+ 24. Kh2 Qg1#) 21... Bg1+ 22. Kh1 Bb6+ 23. Kh2 (23. Nxf1 {leads to mate.} Qxf1+ 24. Kh2 Bg1+ 25. Kh1 Bf2+ 26. Kh2 Qg1#) 23... Bg1+ 24. Kh1 Bb6+ $11) (20. Bxh6 $1 $16 Rxg2 21. Bxd5 (21. Qxh4 $2 Qf3 $19) 21... cxd5 22. Bf4) 1/2-1/2

[Event "FIDE World Cup 2017"]
[Site "Tbilisi"]
[Date "2017.09.06"]
[Round "2.1"]
[White "Kravtsiv, Martyn"]
[Black "Ding, Liren"]
[Result "1/2-1/2"]
[WhiteElo "2670"]
[BlackElo "2771"]
[Annotator "TA"]
[PlyCount "91"]
[EventDate "2017.??.??"]
[EventType "k.o."]
[EventCountry "GEO"]
[SourceTitle "playchess.com"]
[Source "ChessBase"]
[SourceQuality "1"]

{[%evp 16,91,0,0,13,0,0,0,7,0,0,0,0,0,0,0,17,12,16,4,35,4,13,16,22,23,26,20,37,24,29,35,33,24,24,25,23,27,27,18,26,24,24,24,35,31,29,25,18,21,74,15,25,10,38,29,27,-64,43,0,0,14,21,0,0,0,14,12,12,0,0,0,0,0,0,0,0,0]} 1. e4 e5 2. Nf3 Nc6 3. Bc4 Bc5 4. O-O Nf6 5. d3 O-O 6. Nbd2 d6 7. c3 a5 {C54: Giuoco Piano: 4 c3 Nf6, main lines with 5 d4 and 5 d3} 8. h3 (8. Re1 Ng4 9. Re2 Kh8 10. h3 Nh6 11. Nf1 f5 12. Bg5 Qe8 13. d4 Bb6 14. exf5 Nxf5 15. dxe5 Nxe5 16. Nxe5 dxe5 {0-1 (40) Lu,S (2638)-Ding,L (2781) Danzhou 2017}) 8... Be6 9. Bb5 {LiveBook: 4 Games} h6 10. b3 $146 ({Predecessor:} 10. Re1 Ba7 11. Nf1 Ne7 12. d4 exd4 13. Nxd4 Bd7 14. Bxd7 Qxd7 15. Ng3 {1-0 (46) Fedorov,A (2562)-Loetscher,R (2414) Riga 2014}) 10... Ba7 11. Re1 Ne7 {Black wants to play ...c6.} 12. d4 Ng6 13. Bf1 Re8 14. Bb2 c6 15. Qc2 Qc7 16. Rad1 Rad8 17. c4 exd4 18. Bxd4 (18. Nxd4 {feels hotter.} Bc5 19. N2f3 Bd7 20. Nf5 Ne5 21. N3h4) 18... Bxd4 19. Nxd4 Bd7 20. Ne2 Qb6 21. Ng3 Nh4 22. Qc3 Be6 23. Nb1 {[%cal Bd2b1,Bb1c3,Bc3a4,Ba4b6][%mdl 32]} d5 24. exd5 cxd5 25. c5 Qc7 26. Qd4 Ng6 27. Nc3 $36 {[%mdl 2048] White has the initiative.} Rc8 28. Na4 Bd7 29. Rxe8+ Rxe8 30. Nb6 Bc6 31. a3 {[%cal Ba2a3,Ba3b4][%mdl 32]} Nf4 32. b4 Ne6 (32... Ne4 $11 {remains equal.}) 33. Qh4 (33. Qb2 $16) 33... Rd8 $11 34. Nf5 axb4 35. axb4 {Nxh6+! is the strong threat.} Qe5 36. Nd4 (36. Nd6 $11) 36... Be8 (36... Qe4 $1 $15 37. g3 Nxd4 38. Rxd4 Qb1) 37. Qg3 Qxg3 {The position is equal.} 38. fxg3 Ne4 39. Rd3 (39. Nf5 {seems wilder.} g6 40. Ne7+ Kf8 41. Nexd5 Nxg3 42. Bc4) 39... Kf8 40. g4 Nxd4 (40... Bc6 $5) 41. Rxd4 Bc6 42. Nc4 Ra8 43. Na5 Nxc5 44. Nxc6 Ne6 45. Rxd5 {[#] Threatens to win with Na5.} bxc6 46. Rd6 {Precision: White = 57%, Black = 54%.} 1/2-1/2

[Event "FIDE World Cup 2017"]
[Site "Tbilisi"]
[Date "2017.09.06"]
[Round "2.1"]
[White "Motylev, Alexander"]
[Black "Giri, Anish"]
[Result "1/2-1/2"]
[WhiteElo "2668"]
[BlackElo "2777"]
[Annotator "TA"]
[PlyCount "35"]
[EventDate "2017.??.??"]
[EventType "k.o."]
[EventCountry "GEO"]
[SourceTitle "playchess.com"]
[Source "ChessBase"]
[SourceQuality "1"]

{[%evp 20,35,23,15,11,14,15,11,22,14,19,12,31,15,25,14,27,23]} 1. e4 e5 2. Nf3 Nc6 3. Bb5 Nf6 4. O-O Nxe4 5. Re1 Nd6 6. Nxe5 Be7 7. Bf1 Nxe5 8. Rxe5 O-O 9. d4 Bf6 {C67: Ruy Lopez: Berlin Defence: 4 0-0 Nxe4} 10. Re2 b6 11. Re1 {LiveBook: 4 Games} Bb7 $146 {The position is equal.} ({Predecessor:} 11... Re8 12. Bf4 Rxe1 13. Qxe1 Qe7 14. Nc3 Bb7 15. Qxe7 Bxe7 16. a4 a6 17. g3 {½-½ (78) Carlsen,M (2853)-Karjakin,S (2772) New York 2016}) 12. Bf4 Ne4 13. Nd2 Nxd2 14. Qxd2 d6 15. a4 {[%cal Ba2a4,Ba4a5][%mdl 32]} a6 16. c3 Qd7 17. a5 b5 18. Bg5 1/2-1/2

[Event "FIDE World Cup 2017"]
[Site "Tbilisi"]
[Date "2017.09.06"]
[Round "2.1"]
[White "Bruzon Batista, Lazaro"]
[Black "Nakamura, Hikaru"]
[Result "1/2-1/2"]
[WhiteElo "2651"]
[BlackElo "2781"]
[Annotator "TA"]
[PlyCount "73"]
[EventDate "2017.??.??"]
[EventType "k.o."]
[EventCountry "GEO"]
[SourceTitle "playchess.com"]
[Source "ChessBase"]
[SourceQuality "1"]

{[%evp 21,73,32,32,20,16,20,37,17,47,51,49,40,39,46,40,47,34,41,34,38,43,39,47,47,52,35,51,31,74,72,97,50,54,37,54,40,70,70,80,75,68,41,43,16,29,15,15,15,16,18,24,25,27,14]} 1. e4 e5 2. Nf3 Nc6 3. Bb5 Nf6 4. O-O Nxe4 5. Re1 Nd6 6. Nxe5 Be7 7. Bf1 Nf5 {C67: Ruy Lopez: Berlin Defence: 4 0-0 Nxe4} 8. Nf3 O-O 9. d4 d5 10. c3 Re8 11. Bd3 Bd6 {LiveBook: 29 Games} 12. Rxe8+ Qxe8 13. Nbd2 Bd7 14. Nf1 {[#]} g6 $146 ({Predecessor:} 14... f6 15. Qb3 {0-1 (33) Inarkiev,E (2709)-Leko,P (2693) Doha 2016}) 15. Bg5 Kg7 16. Qd2 f6 17. Bf4 Bxf4 18. Qxf4 Nd6 19. h4 Qf7 20. Re1 Re8 21. Rxe8 Bxe8 22. Ne3 Ne7 23. b3 {[%cal Bb2b3,Bb3b4][%mdl 32]} b5 24. Nd2 {[%cal Bf3d2,Bd2b3,Bb3c5,Bc5e6][%mdl 32]} Qe6 25. b4 Bf7 {[%cal Be8f7,Bf7g8,Bg8h7][%mdl 32]} 26. g4 h6 27. Qg3 g5 28. h5 Bg8 29. Nb3 Bh7 30. Nc5 Qf7 31. Be2 Nec8 32. f4 Nb6 33. f5 (33. Bf3 $5 {[%cal Rf4f5]}) 33... Qe7 34. Ne6+ Kh8 35. Bd3 Bg8 36. Nc5 Bf7 37. a3 {Precision: White = 55%, Black = 63%.} 1/2-1/2

[Event "FIDE World Cup 2017"]
[Site "Tbilisi"]
[Date "2017.09.06"]
[Round "2.1"]
[White "Cori, Jorge"]
[Black "Grischuk, Alexander"]
[Result "1/2-1/2"]
[WhiteElo "2648"]
[BlackElo "2788"]
[Annotator "TA"]
[PlyCount "83"]
[EventDate "2017.??.??"]
[EventType "k.o."]
[EventCountry "GEO"]
[SourceTitle "playchess.com"]
[Source "ChessBase"]
[SourceQuality "1"]

{[%evp 22,83,35,4,10,5,9,8,21,0,0,0,31,0,0,0,29,0,0,0,0,0,8,0,0,0,12,-6,19,0,32,22,29,33,35,35,32,29,22,20,18,12,12,12,21,0,0,0,12,-70,-61,-63,-64,-76,-76,-76,-76,-87,-34,-34,-27,-39,-39,-37]} 1. d4 Nf6 2. c4 g6 3. g3 c6 {[%cal Bc7c6,Bc6d5,Bd5e4][%mdl 32]} 4. Bg2 d5 5. cxd5 cxd5 6. Nc3 Bg7 7. Nf3 Ne4 {D73: Fianchetto Grünfeld: 5 Nf3} 8. Nxe4 (8. Qb3 Nxc3 9. bxc3 O-O 10. Nd2 e6 11. e4 Nc6 12. e5 b6 13. O-O Ba6 14. Re1 Rc8 15. Qd1 {0-1 (49) Caruana,F (2808)-So,W (2812) Paris 2017}) 8... dxe4 9. Ne5 Bxe5 10. dxe5 Qxd1+ 11. Kxd1 Bf5 12. g4 {LiveBook: 5 Games} Bxg4 13. Bxe4 Nc6 14. f3 {[#]} Be6 $146 ({Predecessor:} 14... O-O-O+ 15. Ke1 {½-½ (59) Ilincic,Z (2557)-Ivanisevic,I (2569) Jahorina 2003}) 15. Bxc6+ (15. Ke1 {is more complex.} O-O 16. Bf4 Rfd8 17. Kf2 Bd5 18. Bd3) 15... bxc6 16. Ke1 O-O-O 17. Bd2 Kb7 18. h4 h6 19. Bb4 Rhe8 20. Kf2 Rd5 21. Bc3 Red8 22. Rag1 c5 23. Rb1 {[#]} a5 $1 {[%mdl 512]} 24. f4 (24. Bxa5 Ra8) 24... Bf5 25. Ra1 h5 26. Rhe1 {Threatens to win with e4.} R5d7 27. Bxa5 Ra8 28. Bc3 Ra4 29. Ke3 Be6 30. b3 Ra3 31. Rec1 Rd8 32. Bb2 Ra5 33. Rc2 Rda8 $36 {[%mdl 2048] White is under pressure.} 34. Bc1 Kc6 35. Rb2 ({White should play} 35. b4 $11 Rxa2 36. Raxa2 (36. Rxc5+ Kb6 $14) 36... Rxa2 37. Rxc5+ Kb6 38. Ra5) 35... Ra3 $15 36. Kf2 {[#]} Rxb3 $1 {[%mdl 512]} 37. Rxb3 (37. axb3 Rxa1) 37... Bxb3 {KRB-KRB} 38. a3 Ra4 39. Be3 Bd5 (39... c4 $17 40. Bd4 {[#]} c3 $1 {[%mdl 512]}) 40. Rc1 Rc4 41. Rxc4 Bxc4 42. a4 {Precision: White = 55%, Black = 38%.} 1/2-1/2

[Event "FIDE World Cup 2017"]
[Site "Tbilisi"]
[Date "2017.09.06"]
[Round "2.1"]
[White "Dreev, Aleksey"]
[Black "Carlsen, Magnus"]
[Result "0-1"]
[WhiteElo "2648"]
[BlackElo "2827"]
[Annotator "TA"]
[PlyCount "64"]
[EventDate "2017.??.??"]
[EventType "k.o."]
[EventCountry "GEO"]
[SourceTitle "playchess.com"]
[Source "ChessBase"]
[SourceQuality "1"]

{[%evp 20,64,7,11,35,-20,-25,-31,-24,-17,-20,-29,-42,-52,-52,-52,-52,-52,-52,-56,-47,-56,-47,-56,-50,-35,-48,-58,-58,-76,-61,-225,-209,-222,-207,-209,-214,-337,-336,-331,-326,-318,-327,-319,-307,-340,-339]} 1. d4 d5 2. c4 e6 3. Nc3 Bb4 4. Nf3 Nf6 5. Bg5 h6 6. Bxf6 Qxf6 7. Qb3 c5 8. cxd5 exd5 9. a3 Bxc3+ 10. Qxc3 c4 {D38: Queen's Gambit Declined: Ragozin Defence (4 Nf3 Bb4)} 11. b3 {LiveBook: 4 Games} Be6 12. Ne5 $146 (12. bxc4 $14 dxc4 13. e4) ({Find the theoretical novelty and annotate with similar games:} 12. e3 O-O 13. Be2 Rc8 14. O-O Nc6 15. a4 cxb3 16. a5 Qd8 17. a6 b6 18. Qxb3 {0-1 (41) Skrondal,I (2277)-Hammer,J (2628) Sandefjord 2017}) 12... O-O $11 {The position is equal.} 13. e3 {[%cal Rb3c4]} Nc6 14. Be2 Nxe5 15. dxe5 Qg6 16. O-O {[#]} d4 $1 {[%mdl 512]} 17. exd4 (17. Qxd4 Rfd8) 17... cxb3 18. Bf3 {Hoping for d5.} Rac8 19. Qe3 $1 Qg5 $36 {[%mdl 2048] White is under pressure.} 20. Rab1 Qxe3 21. fxe3 Rfd8 22. Bxb7 Rc3 23. d5 Bd7 {White must now prevent ...Rb8.} ({Weaker is} 23... Bxd5 24. Rfd1 $16) 24. Rf4 a5 {Strongly threatening ...Rb8.} 25. Kf2 $2 {[#]} (25. d6 $15) 25... Rb8 $19 26. Bc6 Bxc6 27. dxc6 Rxc6 {KRR-KRR} 28. Rd4 (28. Rb2 $142) 28... Rc2+ {Black has a decisive advantage.} 29. Kf3 b2 30. Rdd1 Rb5 31. a4 Rxe5 32. Rd8+ Kh7 {Precision: White = 58%, Black = 100%.} 0-1

[Event "FIDE World Cup 2017"]
[Site "Tbilisi"]
[Date "2017.09.06"]
[Round "2.1"]
[White "Lenic, Luka"]
[Black "Caruana, Fabiano"]
[Result "1/2-1/2"]
[WhiteElo "2646"]
[BlackElo "2799"]
[Annotator "TA"]
[PlyCount "47"]
[EventDate "2017.??.??"]
[EventType "k.o."]
[EventCountry "GEO"]
[SourceTitle "playchess.com"]
[Source "ChessBase"]
[SourceQuality "1"]

{[%evp 24,47,18,30,22,13,15,24,16,18,18,11,19,8,12,8,8,6,8,8,1,0,0,0,0,0]} 1. d4 d5 2. c4 dxc4 3. Nf3 Nf6 4. e3 e6 5. Bxc4 c5 6. O-O a6 7. dxc5 Bxc5 8. Qxd8+ Kxd8 9. Be2 {D27: Queen's Gambit Accepted: Classical main line: 7 e4!? and 7 a4} Ke7 10. Ne5 (10. Nbd2 Nc6 11. b3 Rd8 12. Bb2 b6 13. a3 a5 14. Rfc1 Bb7 15. Bxf6+ gxf6 16. Ne4 Bd6 17. Nxd6 Rxd6 18. Kf1 {½-½ (33) So,W (2810)-Caruana,F (2807) Saint Louis 2017}) 10... Nbd7 11. Nc4 b6 12. Nc3 a5 13. Na4 {LiveBook: 5 Games} Ba6 14. Nxc5 bxc5 15. f3 Rhb8 16. Rf2 {The position is equal.} a4 {[#]} 17. e4 $146 Rb4 18. Na3 Ne5 19. Bf4 Nfd7 20. Bd2 Rb7 21. Bc3 f6 22. Rd1 Bxe2 23. Rxe2 Nc6 24. Nc4 {Precision: White = 79%, Black = 100%.} 1/2-1/2

[Event "FIDE World Cup 2017"]
[Site "Tbilisi"]
[Date "2017.09.07"]
[Round "2.2"]
[White "Carlsen, Magnus"]
[Black "Dreev, Aleksey"]
[Result "1-0"]
[WhiteElo "2827"]
[BlackElo "2648"]
[Annotator "TA"]
[PlyCount "59"]
[EventDate "2017.??.??"]
[EventType "k.o."]
[EventCountry "GEO"]
[SourceTitle "playchess.com"]
[Source "ChessBase"]
[SourceQuality "1"]

{[%evp 9,59,12,32,26,29,13,13,14,16,14,24,24,20,15,45,31,35,22,65,56,63,64,65,38,85,41,58,49,82,62,74,66,53,35,24,20,77,89,140,130,158,137,154,164,155,143,452,452,5724,5820,5724,5724]} 1. e4 c5 2. Nf3 d6 3. Bb5+ Nd7 4. a4 {[%cal Ba2a4,Ba4a5][%mdl 32]} Ngf6 5. Nc3 g6 (5... a6 $5 {[%cal Ra6b5]} 6. Bc4 Ne5 7. Nxe5 dxe5 $14) 6. a5 {B51: Sicilian: Moscow Variation (3 Bb5+) without 3...Bd7} Bg7 7. a6 $146 ({Predecessor:} 7. O-O a6 8. Bc4 O-O 9. d3 Nb8 10. Nd5 Nc6 11. Nb6 Rb8 12. Bd2 Bg4 13. h3 Bxf3 14. Qxf3 {0-1 (46) Carlsen,M (2855)-Topalov,V (2761) Paris 2016}) 7... O-O 8. O-O {The position is equal.} e6 9. d3 Qb6 {[%cal Rb7a6]} 10. axb7 Bxb7 11. Re1 Rfd8 12. Ba4 h6 13. h3 d5 14. e5 Nh7 15. Bxd7 Rxd7 16. d4 {Black must now prevent Na4.} cxd4 17. Ne2 d3 18. Qxd3 d4 19. Nexd4 g5 20. c3 Nf8 21. Nh2 (21. h4 $5 {[%cal Rh4g5]}) 21... Ng6 22. Qg3 $36 {[%mdl 2048] Black is under pressure.} Nh4 (22... a5 $11) 23. Nhf3 $16 Nxf3+ ({Better is} 23... Bxf3 24. Nxf3 Nf5) 24. Nxf3 Rd3 25. h4 gxh4 26. Qxh4 Bxf3 27. gxf3 Rxf3 $2 {[%mdl 8192] [#]} (27... Qb7 $16) 28. Bxh6 $18 {White is clearly winning.} f5 (28... Qxf2+ $142 29. Qxf2 Rxf2) 29. Bxg7 Kxg7 30. Kh1 {Precision: White = 76%, Black = 40%.} 1-0

[Event "FIDE World Cup 2017"]
[Site "Tbilisi"]
[Date "2017.09.07"]
[Round "2.2"]
[White "Aronian, Levon"]
[Black "Hou, Yifan"]
[Result "1/2-1/2"]
[WhiteElo "2802"]
[BlackElo "2670"]
[Annotator "TA"]
[PlyCount "68"]
[EventDate "2017.??.??"]
[EventType "k.o."]
[EventCountry "GEO"]
[SourceTitle "playchess.com"]
[Source "ChessBase"]
[SourceQuality "1"]

{[%evp 20,68,16,5,27,-16,-16,-20,-19,-24,-30,-30,-27,-45,-45,-45,-46,-42,-47,-49,-42,-41,-39,-30,-35,-25,0,-32,0,-43,-46,-47,-46,-39,-20,-20,-22,-22,-12,-12,-12,-13,-13,-13,-6,-20,-6,-8,-6,-9,0]} 1. d4 Nf6 2. c4 e6 3. Nf3 d5 4. g3 Be7 5. Bg2 O-O 6. O-O dxc4 7. Qc2 b6 8. Rd1 Bb7 9. Qxc4 c5 10. Nc3 Nbd7 11. Bg5 {LiveBook: 3 Games. E03: Open Catalan: 5 Qa4+ Nbd7 6 Qxc4} cxd4 $146 ({Predecessor:} 11... Rc8 12. Qa4 a6 13. dxc5 b5 14. Qh4 Rxc5 15. Ne5 Rxe5 16. Bxb7 {½-½ (25) Schlosser,P (2596)-Sokolov,A (2570) Belfort 2012}) 12. Rxd4 h6 13. Bxf6 Bxf6 14. Rd2 Rc8 15. Qa4 Bc6 16. Qb4 Bxf3 17. exf3 {[#] Threatens to win with Rad1.} Bxc3 18. bxc3 {Hoping for Rad1.} Qc7 19. f4 Nf6 20. Rd3 Qc4 21. Bf1 Qc5 22. Bg2 Qc4 23. Bf1 $1 Qc7 24. Bg2 Rfd8 25. Rad1 Rxd3 26. Rxd3 Rd8 27. Rd4 {The position is equal.} Rxd4 28. Qxd4 Qd7 (28... Qc5 {looks sharper.} 29. Qd8+ Kh7 30. Qd3+ g6 31. Bf3 Kg7) 29. Qxd7 Nxd7 $11 {KB-KN} 30. Kf1 Kf8 31. Ke2 Ke7 32. Kd3 Kd6 33. Kd4 Nc5 34. Bf1 Nd7 {Precision: White = 61%, Black = 54%.} 1/2-1/2

[Event "FIDE World Cup 2017"]
[Site "Tbilisi"]
[Date "2017.09.07"]
[Round "2.2"]
[White "Caruana, Fabiano"]
[Black "Lenic, Luka"]
[Result "1/2-1/2"]
[WhiteElo "2799"]
[BlackElo "2646"]
[Annotator "TA"]
[PlyCount "69"]
[EventDate "2017.??.??"]
[EventType "k.o."]
[EventCountry "GEO"]
[SourceTitle "playchess.com"]
[Source "ChessBase"]
[SourceQuality "1"]

{[%evp 13,69,35,38,35,37,8,16,20,22,6,14,0,0,0,0,-5,0,0,0,7,14,0,5,-1,9,0,11,0,0,0,16,0,0,0,0,-13,-12,-22,-18,-23,-13,-42,0,0,0,-6,-11,-25,0,0,25,-29,0,0,0,-8,-6,-21]} 1. e4 c5 2. Nf3 Nc6 3. Bb5 e6 4. O-O Nge7 5. d4 cxd4 6. Nxd4 Qb6 7. Nxc6 {B30: Sicilian: 2...Nc6 3 Bb5, lines without ...g6} dxc6 {LiveBook: 4 Games} 8. Bc4 Ng6 9. Nd2 $146 {White is slightly better.} (9. a4 {with more complications.} Be7 10. a5 Qc7 11. f4 Bd7 12. Be3) ({Predecessor:} 9. a4 a5 10. Kh1 Be7 11. f4 O-O 12. Nc3 Qb4 13. Qe2 e5 14. f5 Nf4 15. Bxf4 exf4 {1-0 (52) Frolyanov,D (2537)-Filipenko,A (2286) Samara 2017}) 9... Qc7 10. a4 Bd6 11. Nf3 O-O 12. h3 b6 13. Qe2 a6 14. Re1 Ne5 15. Nxe5 Bxe5 16. c3 Bb7 17. Be3 c5 18. Qg4 Kh8 19. Bd3 Qc6 20. Bf4 Bxf4 21. Qxf4 Rad8 22. Qe3 Rd7 23. Qe2 Qc8 24. Qf1 Rfd8 25. Re3 a5 26. b3 Bc6 27. Qe2 e5 28. Rf1 Qc7 29. h4 Rd6 30. h5 Bd7 31. Bc4 $1 Be6 32. h6 (32. Bxe6 $142 Rxe6 33. Rd1) 32... gxh6 33. Bxe6 {The position is equal.} Rxe6 34. Rf3 Qe7 35. Rd1 {Precision: White = 42%, Black = 55%.} 1/2-1/2

[Event "FIDE World Cup 2017"]
[Site "Tbilisi"]
[Date "2017.09.07"]
[Round "2.2"]
[White "Grischuk, Alexander"]
[Black "Cori, Jorge"]
[Result "1/2-1/2"]
[WhiteElo "2788"]
[BlackElo "2648"]
[Annotator "TA"]
[PlyCount "88"]
[EventDate "2017.??.??"]
[EventType "k.o."]
[EventCountry "GEO"]
[SourceTitle "playchess.com"]
[Source "ChessBase"]
[SourceQuality "1"]

{[%evp 24,88,69,62,78,64,69,64,59,37,64,52,120,84,79,0,0,0,0,0,0,0,1,6,27,0,0,0,0,-35,-45,-35,-36,-65,0,0,0,-14,0,0,0,0,0,-33,0,0,0,0,0,0,0,-2,0,0,0,0,0,0,52,56,50,0,45,0,59,0,25]} 1. e4 c5 2. Nf3 Nc6 3. d4 cxd4 4. Nxd4 e6 5. Nc3 Qc7 6. Be3 a6 7. Qd2 Nf6 8. O-O-O Be7 {B48: Sicilian: Taimanov: 5 Nc3 Qc7 6 Be3 a6 without Be2} 9. f3 (9. f4 b5 10. e5 b4 11. exf6 bxc3 12. Qxc3 Bxf6 13. g4 h6 14. h4 Bb7 15. Rh2 Rc8 16. Qd2 Nxd4 17. Bxd4 Bxd4 18. Qxd4 {½-½ (49) Jakovenko,D (2703)-Inarkiev,E (2707) Geneve 2017}) 9... h5 10. Nxc6 bxc6 11. Bf4 e5 12. Bg5 a5 13. Bc4 {LiveBook: 5 Games} a4 14. a3 {[#]} d6 $146 ({Predecessor:} 14... Qb6 15. Be3 Qb7 16. Qf2 d6 17. Qg3 O-O 18. Bh6 Ne8 19. Bg5 Be6 20. Bxe6 fxe6 21. Rd3 Rf7 22. Qh4 {½-½ (22) Lopez Martinez,J (2555)-Kogan,A (2542) Arinsal 2009}) 15. f4 O-O 16. Rhf1 (16. Bxf6 $5 Bxf6 17. Qxd6 Qxd6 18. Rxd6 $11) 16... Bg4 17. Rde1 $1 Rfd8 (17... exf4 $14 18. Bxf4 (18. Qxf4 Ra5 $11) 18... Nd7) 18. Qe3 Rab8 19. fxe5 ({Better is} 19. Ba2 $16) 19... dxe5 $11 20. Bxf6 Bxf6 21. h3 Rd4 $1 {[#] ...Qb7 is the strong threat.} 22. hxg4 {[%cal Bh3g4,Bg4h5,Bh5h6][%mdl 32] Threatens to win with g5.} Rxc4 23. gxh5 Be7 24. Rf3 Rd4 {White must now prevent ...Bxa3!} 25. Nd1 $1 Qb6 26. h6 Qd8 $1 {[%mdl 1024] [#] aiming for ...Bg5. Black has compensation.} 27. Rg3 g6 $1 28. Rf1 Rb7 (28... Bh4 $15) 29. Nf2 Bh4 30. Rg4 Bxf2 31. Qxf2 Rbd7 {( -> ...Rd1+)} 32. Qf3 Kh7 33. Kb1 Qe7 34. Rg3 Qh4 35. Rg4 $36 {[%mdl 2048] White has some pressure.} Qe7 36. Rg3 Qd6 37. Rc1 Rd1 38. Qe2 Rd2 (38... Qd4 $5 {[%cal Rd1c1]} 39. Qxd1 Qxd1 40. Rxd1 Rxd1+ 41. Ka2 Kxh6 $11) 39. Qa6 Rd4 40. Rc3 Rc7 (40... Rxe4 $11 41. Rxc6 Qd2) 41. Rd3 $14 Qc5 42. Rc3 Qd6 43. Rd3 Qc5 $1 44. Rc3 Qd6 {Precision: White = 75%, Black = 69%.} 1/2-1/2

[Event "FIDE World Cup 2017"]
[Site "Tbilisi"]
[Date "2017.09.07"]
[Round "2.2"]
[White "Nakamura, Hikaru"]
[Black "Bruzon Batista, Lazaro"]
[Result "1/2-1/2"]
[WhiteElo "2781"]
[BlackElo "2651"]
[Annotator "TA"]
[PlyCount "27"]
[EventDate "2017.??.??"]
[EventType "k.o."]
[EventCountry "GEO"]
[SourceTitle "playchess.com"]
[Source "ChessBase"]
[SourceQuality "1"]

{[%evp 21,27,20,24,35,33,23,35,35]} 1. d4 d5 2. c4 e6 3. Nc3 Be7 4. Nf3 Nf6 5. Bf4 O-O 6. e3 b6 7. Be2 dxc4 {D37: Queen's Gambit Declined: 5 Bf4} 8. Bxc4 Ba6 9. Bxa6 Nxa6 10. Qe2 Qc8 11. O-O (11. e4 Re8 12. O-O c5 13. Rad1 h6 14. h3 Bf8 15. Be5 {½-½ (54) Najer,E (2687)-Dominguez Perez,L (2713) Dortmund 2016}) 11... c5 {LiveBook: 4 Games} 12. Nb5 $146 ({Find the theoretical novelty and annotate with similar games:} 12. Rac1 Qb7 13. h3 Rfd8 14. Rfd1 Rac8 15. a3 {½-½ (45) Quintiliano Pinto,R (2484)-Bindrich,F (2590) Doha 2016}) 12... Qb7 13. Bd6 Rfd8 14. Bxe7 1/2-1/2